| 000 | 00709nam a2200181Ia 4500 | ||
|---|---|---|---|
| 008 | 100920s9999 xx 000 0 und d | ||
| 082 |
_b60295 _a200 थ 92 |
||
| 100 | _aदाते धुंडिराजशास्त्री. | ||
| 245 | _aधर्म-शास्त्रीय निर्णय. | ||
| 260 |
_bसुमंगल पब्लिशिंग कंपनी, मुंबई. _c1992 |
||
| 300 |
_a152 _bसाधी |
||
| 365 | _b30 | ||
| 520 | _aधार्मिक. | ||
| 630 | _aधर्म-शास्त्रीय निर्णय. | ||
| 650 | _aधार्मिक. | ||
| 730 | _aधर्म-शास्त्रीय निर्णय. | ||
| 942 | _cBOOK | ||
| 999 |
_c703579 _d703576 |
||